| 000 | 01062nam a2200301 a 4500 | ||
|---|---|---|---|
| 008 | |||
| 020 | _a0-12-513752-4 (hardback) | ||
| 040 |
_aNUST _cNUST |
||
| 049 | _aMAIN | ||
| 090 |
_aREF TK7825 _bHAN |
||
| 245 | 1 | 0 |
_aHandbook of advanced electronic and photonic materials and devices volume 5/ _cedited by Hari Singh Nalwa foreword by Nicolaas Bloembergen and Nobel Laureate. |
| 260 |
_aSan Diego : _bAcademic Press , _c2001. |
||
| 300 |
_axxv, 267 pages : _billustrations , _c29 cm. |
||
| 336 |
_atext _btxt _2rdacontent |
||
| 337 |
_aunmediated _bn _2rdamedia |
||
| 338 |
_avolume _bnc _2rdacarrier |
||
| 500 | _aIncludes index. | ||
| 504 | _aIncludes bibliographical references. | ||
| 650 | 1 |
_aPhotonics _xMaterials. |
|
| 650 | _aElectric conductors. | ||
| 650 | _aElectronic apparatus and appliances. | ||
| 650 |
_aElectronics _xMaterials. |
||
| 700 |
_aNalwa, Hari Singh., _aeditor. |
||
| 907 |
_a.b10405999 _b01-07-21 _c23-06-21 |
||
| 003 | |||
| 005 | 20230123141208.0 | ||
| 942 |
_cBOOKS _kREF TK7825 _mHAN |
||
| 999 |
_c169318 _d169318 |
||